| 000 | 01299nam a22003497a 4500 | ||
|---|---|---|---|
| 003 | CHAP | ||
| 005 | 20220329134124.0 | ||
| 008 | 971013s1978 r 00010 d | ||
| 010 | _a15721 | ||
| 011 | _a16693 | ||
| 035 | _a20775 | ||
| 040 | _cCHAP | ||
| 090 | _aTesis | ||
| 100 | 0 | 0 |
_aGudiño Andarza, José Luis. _951086 |
| 245 | _aEstudio sobre la efectividad del Sistema Nacional Planificado de Producción Agropecuaria en la comunidad ejidal San Lorenzo en el municipio de Matamoros, Tamaulipas | ||
| 260 |
_a(Monterrey, N.L.) : _bEl autor, _c1978 |
||
| 300 |
_a70 h. _b; gráfs |
||
| 502 | _aTesis (Ing. Agrónomo Administrador) -- ITESM. Div. de Ciencias Agropecuarias y Marítimas | ||
| 590 |
_aALEPH _b10 _c20130110 _lUCH01 _h1238 |
||
| 590 |
_aBATCH-UPD _b10 _c20130110 _lUCH01 _h0211 |
||
| 590 |
_aBATCH-UPD _b10 _c20130110 _lUCH01 _h2126 |
||
| 590 |
_aBATCH-UPD _b10 _c20130409 _lUCH01 _h2227 |
||
| 590 |
_aBATCH-UPD _b10 _c20130410 _lUCH01 _h1436 |
||
| 590 |
_aBATCH-UPD _b10 _c20130914 _lUCH01 _h1331 |
||
| 590 |
_aCONVERSION _b10 _c20130109 _lUCH01 _h1310 |
||
| 650 | 1 | 4 |
_aEjidos _xTamaulipas. _936032 |
| 650 | 1 | 4 |
_aPolítica agrícola _xTamaulipas. _990366 |
| 650 | 1 | 4 |
_aPolítica ganadera _xTamaulipas. _990644 |
| 901 | _aBK | ||
| 942 | _cTESIS | ||
| 949 |
_bBC _cTES _d-48388 _eTS1 _i20775 _si |
||
| 999 |
_c15721 _d15721 |
||